Diseños experimentales en psicología y educación

I tiakina i:
Ngā taipitopito rārangi puna kōrero
Kaituhi matua: Arnau i Gras, Jaume (Author)
Hōputu: Pukapuka
Reo:Pāniora
I whakaputaina: Ciudad de México Trillas 1981
Ngā marau:
Ngā Tūtohu: Tāpirihia he Tūtohu
Kāore He Tūtohu, Me noho koe te mea tuatahi ki te tūtohu i tēnei pūkete!

MARC

LEADER 00000nam a2200000 a 4500
001 UCW5299
003 CL-VaPUC
008 910328e19810000MX |||||||||||||||||spa|d
082 0 4 |a 370.784  |b ARN  |2 21 
100 |a Arnau i Gras, Jaume  |e author  |9 518759 
245 1 0 |a Diseños experimentales en psicología y educación 
300 |a 357 p 
942 |c BK 
945 |d 19910328 00:00:00 
260 |a Ciudad de México  |b Trillas  |c 1981 
650 0 |a Educación  |9 258661 
650 0 |a Métodos experimentales   |9 310218 
650 0 |a Investigación educacional   |9 261192 
583 |a last modification  |c 19910328 00:00:00  |k Rodrigo Vera 
999 |c 218770  |d 218768 
952 |0 0  |1 0  |4 0  |6 370_784000000000000_ARN_1981  |7 0  |8 P  |9 208880  |a BIBEDU  |b BIBEDU  |c BIBEDU_PB  |d 2019-11-15  |i 2766787  |o 370.784 ARN 1981  |p 2766787  |r 2024-01-25  |w 2019-11-15  |y BK  |k EDU 
952 |0 0  |1 0  |4 0  |6 370_784000000000000_ARN_1981  |7 0  |8 P  |9 208881  |a BIBEDU  |b BIBEDU  |c BIBEDU_PB  |d 2019-11-15  |i 2766795  |o 370.784 ARN 1981  |p 2766795  |r 2024-01-25  |w 2019-11-15  |y BK  |k EDU